| 000 | 00706nam a2200205Ia 4500 | ||
|---|---|---|---|
| 003 | GCL | ||
| 008 | 140319s9999 xx 000 0 ara d | ||
| 020 | _a7255472977 | ||
| 040 |
_aGCL / _cGCL |
||
| 082 | 0 | 4 |
_a813.009 _bك م |
| 100 | 1 | _aكريم الوائلى | |
| 245 | 1 | 0 |
_aالمواقف النقدية : _bقراءة فى نقد القصة القصيرة / _cكريم الوائلى |
| 260 |
_aالقاهرة : _bمصر العربية للنشر والتوزيع |
||
| 300 |
_a215 ص ؛ _c24 سم |
||
| 650 | 0 | 4 | _aالادب العربى |
| 650 | 0 | 4 | _aالقصة العربية |
| 650 | 0 | 4 | _aالقصة القصيرة |
| 650 | 0 | 4 | _aالقصة العربية - تاريخ ونقد |
| 942 |
_2ddc _cBK |
||
| 999 |
_c848 _d848 |
||